000
00334nam a22001457a 4500
008
210308b ||||| |||| 00| 0 eng d
020
_a
0070065063
041
_a
eng
080
_a
004
082
_2
004
100
_a
28
101
_a
SHKI
245
_a
The Design of Complex information systems
_c
Grayce M. Booth
942
_2
udc
_c
BK
999
_c
56004
_d
56004